Guess the European country by train - Statistics

General Stats
  • This quiz has been taken 62 times
  • The average score is 10 of 20
Answer Stats
Picture Answer % Correct
Germany
79%
Switzerland
76%
Italy
66%
Greece
64%
Netherlands
62%
Russia
55%
Spain
55%
Denmark
53%
Belgium
52%
Austria
50%
Czech Republic
50%
Finland
48%
France
48%
Poland
43%
Romania
41%
Ukraine
40%
Ireland
34%
Latvia
34%
Slovakia
31%
Serbia
29%
No matching quizzes found
Score Distribution
Percent of People with Each Score
Percentile by Number Answered
Your Score History
You have not taken this quiz